<?xml version="1.0" encoding="UTF-8"?>
<collection xmlns="http://www.loc.gov/MARC21/slim">
 <record>
  <leader>03293nam a2200409 i 4500</leader>
  <controlfield tag="001">34471</controlfield>
  <controlfield tag="003">BD-DhAAL</controlfield>
  <controlfield tag="005">20190401113005.0</controlfield>
  <controlfield tag="008">190401t2018    nyua     bf   001 0 eng c</controlfield>
  <datafield tag="999" ind1=" " ind2=" ">
   <subfield code="c">40607</subfield>
   <subfield code="d">40607</subfield>
  </datafield>
  <datafield tag="010" ind1=" " ind2=" ">
   <subfield code="a">  2017025996</subfield>
  </datafield>
  <datafield tag="020" ind1=" " ind2=" ">
   <subfield code="a">9781138920095 (hardcover)</subfield>
  </datafield>
  <datafield tag="020" ind1=" " ind2=" ">
   <subfield code="z">9781317417989 (web pdf)</subfield>
  </datafield>
  <datafield tag="020" ind1=" " ind2=" ">
   <subfield code="z">9781317417972 (epub)</subfield>
  </datafield>
  <datafield tag="020" ind1=" " ind2=" ">
   <subfield code="z">9781317417965 (mobipocket/kindle)</subfield>
  </datafield>
  <datafield tag="020" ind1=" " ind2=" ">
   <subfield code="a">9781315687384 (ebk)</subfield>
  </datafield>
  <datafield tag="040" ind1=" " ind2=" ">
   <subfield code="a">LBSOR/DLC</subfield>
   <subfield code="b">eng</subfield>
   <subfield code="c">LBSOR</subfield>
   <subfield code="e">rda</subfield>
   <subfield code="d">DLC</subfield>
   <subfield code="d">BD-DhAAL</subfield>
  </datafield>
  <datafield tag="042" ind1=" " ind2=" ">
   <subfield code="a">pcc</subfield>
  </datafield>
  <datafield tag="050" ind1="0" ind2="0">
   <subfield code="a">P302</subfield>
   <subfield code="b">.R685 2018</subfield>
  </datafield>
  <datafield tag="082" ind1="0" ind2="0">
   <subfield code="a">401.41</subfield>
   <subfield code="2">23</subfield>
  </datafield>
  <datafield tag="245" ind1="0" ind2="4">
   <subfield code="a">The routledge handbook of discourse processes /</subfield>
   <subfield code="c">edited by Michael F. Schober, David N. Rapp and M. Anne Britt.</subfield>
  </datafield>
  <datafield tag="250" ind1=" " ind2=" ">
   <subfield code="a">Second edition.</subfield>
  </datafield>
  <datafield tag="260" ind1=" " ind2=" ">
   <subfield code="a">New York, NY ;</subfield>
   <subfield code="a">Milton Park, Abingdon, Oxon :</subfield>
   <subfield code="b">Routledge, Taylor &amp; Francis Group,</subfield>
   <subfield code="c">c2018</subfield>
  </datafield>
  <datafield tag="300" ind1=" " ind2=" ">
   <subfield code="a">xi, 407 pages :</subfield>
   <subfield code="b">illustrations ;</subfield>
   <subfield code="c">25 cm.</subfield>
  </datafield>
  <datafield tag="490" ind1="0" ind2=" ">
   <subfield code="a">Routledge handbooks in linguistics</subfield>
  </datafield>
  <datafield tag="504" ind1=" " ind2=" ">
   <subfield code="a">Includes bibliographical references and index.</subfield>
  </datafield>
  <datafield tag="505" ind1="0" ind2=" ">
   <subfield code="a">Overviews -- Research methods for studying discourse processes: state of the art and challenges -- Topical reviews.</subfield>
  </datafield>
  <datafield tag="520" ind1=" " ind2=" ">
   <subfield code="a">&quot;The second edition of The Routledge Handbook of Discourse Processes provides a state-of-the-art overview of the field of discourse processes, highlighting the subject's interdisciplinary foundations and bringing together established and emergent scholars to provide a dynamic roadmap of the evolution of the field. This new edition reflects several of the enormous changes in the world since the publication of the first edition--changes in modes of communication and an increased urgency to understand how people comprehend and trust information. The contents of this volume attempt to address fundamental questions about what we should now be thinking about reading, listening, talking, and writing. The chapters collected here represent a wide range of empirical methods currently available: lab or field experiments, with a range of measures, from quantitative to qualitative; observational studies, including classrooms or organizational communication; corpus analyses; conversation analysis; computational modeling; and linguistic analyses. The chapters also draw attention to the explosion of contextually rich and computationally intensive data analysis tools which have changed the research landscape, along with more contemporary measures of people's discourse use, from eye-tracking to video analysis tools to brain scans. The Routledge Handbook of Discourse Processes, Second Edition is the ideal resource for graduate students, researchers, and practitioners in a variety of disciplines, including discourse analysis, conversation analysis, cognitive psychology, and cognitive science&quot;--</subfield>
  </datafield>
  <datafield tag="526" ind1=" " ind2=" ">
   <subfield code="a">ENH</subfield>
  </datafield>
  <datafield tag="541" ind1=" " ind2=" ">
   <subfield code="a">Parama Publishers</subfield>
   <subfield code="e">34471</subfield>
  </datafield>
  <datafield tag="650" ind1=" " ind2="0">
   <subfield code="a">Discourse analysis</subfield>
   <subfield code="v">Handbooks, manuals, etc.</subfield>
   <subfield code="9">30957</subfield>
  </datafield>
  <datafield tag="700" ind1="1" ind2=" ">
   <subfield code="a">Schober, Michael F.,</subfield>
   <subfield code="d">1964-</subfield>
   <subfield code="e">editor.</subfield>
   <subfield code="9">30958</subfield>
  </datafield>
  <datafield tag="700" ind1="1" ind2=" ">
   <subfield code="a">Rapp, David,</subfield>
   <subfield code="d">1972-</subfield>
   <subfield code="e">editor.</subfield>
   <subfield code="9">30959</subfield>
  </datafield>
  <datafield tag="700" ind1="1" ind2=" ">
   <subfield code="a">Britt, M. Anne,</subfield>
   <subfield code="e">editor.</subfield>
   <subfield code="9">30960</subfield>
  </datafield>
  <datafield tag="852" ind1=" " ind2=" ">
   <subfield code="a">Ayesha Abed Library</subfield>
   <subfield code="c">General Stacks</subfield>
  </datafield>
  <datafield tag="942" ind1=" " ind2=" ">
   <subfield code="2">ddc</subfield>
   <subfield code="c">BK</subfield>
  </datafield>
  <datafield tag="952" ind1=" " ind2=" ">
   <subfield code="0">0</subfield>
   <subfield code="1">0</subfield>
   <subfield code="2">ddc</subfield>
   <subfield code="4">0</subfield>
   <subfield code="6">401_410000000000000_ROU</subfield>
   <subfield code="7">0</subfield>
   <subfield code="9">65229</subfield>
   <subfield code="a">BRACUL</subfield>
   <subfield code="b">BRACUL</subfield>
   <subfield code="c">GEN</subfield>
   <subfield code="d">2019-02-26</subfield>
   <subfield code="e">Parama Publishers</subfield>
   <subfield code="g">12425.00</subfield>
   <subfield code="l">0</subfield>
   <subfield code="o">401.41 ROU</subfield>
   <subfield code="p">3010034471</subfield>
   <subfield code="r">2019-02-26</subfield>
   <subfield code="t">1</subfield>
   <subfield code="v">12425.00</subfield>
   <subfield code="w">2019-02-26</subfield>
   <subfield code="y">BK</subfield>
  </datafield>
 </record>
</collection>
